F1 Podiums 1977 - Statistics

General Stats
  • This quiz has been taken 197 times
  • The average score is 10 of 14
Answer Stats
Answer % Correct
Niki Lauda
100%
James Hunt
96%
Mario Andretti
94%
Jody Scheckter
89%
Carlos Reutemann
85%
Ronnie Peterson
85%
Alan Jones
80%
Patrick Depailler
74%
Jacques Laffite
68%
John Watson
59%
Gunnar Nilsson
56%
Joshen Mass
51%
Carlos Pace
50%
Hans-Joachim Stuck
28%
No matching quizzes found
Score Distribution
Percent of People with Each Score
Percentile by Number Answered
Your Score History
You have not taken this quiz